Introduction to biblical interpretation (Record no. 12032)
[ view plain ]
| 000 -LEADER | |
|---|---|
| fixed length control field | 00695nam a2200229Ia 4500 |
| 008 - FIXED-LENGTH DATA ELEMENTS--GENERAL INFORMATION | |
| fixed length control field | 200815s9999||||xx |||||||||||||| ||und|| |
| 020 ## - INTERNATIONAL STANDARD BOOK NUMBER | |
| International Standard Book Number | 0785252258 |
| 020 ## - INTERNATIONAL STANDARD BOOK NUMBER | |
| International Standard Book Number | 9780785252252 |
| 041 ## - LANGUAGE CODE | |
| Language code of text/sound track or separate title | eng |
| 050 ## - LIBRARY OF CONGRESS CALL NUMBER | |
| Classification number | BS476 |
| Item number | .K545 2004 |
| 100 ## - MAIN ENTRY--PERSONAL NAME | |
| Personal name | Klein, William W. |
| 245 #0 - TITLE STATEMENT | |
| Title | Introduction to biblical interpretation |
| Remainder of title | / |
| Statement of responsibility, etc. | William W. Klein, Craig L. Blomberg, Robert L. Hubbard Jr |
| 250 ## - EDITION STATEMENT | |
| Edition statement | Rev. & expanded. |
| 260 ## - PUBLICATION, DISTRIBUTION, ETC. | |
| Place of publication, distribution, etc. | Nashville : |
| Name of publisher, distributor, etc. | Thomas Nelson, |
| Date of publication, distribution, etc. | 2004 |
| 300 ## - PHYSICAL DESCRIPTION | |
| Extent | xxvii, 563 p. : |
| Other physical details | ill. ; |
| Dimensions | 24 cm. |
| 650 ## - SUBJECT ADDED ENTRY--TOPICAL TERM | |
| Topical term or geographic name entry element | Bible Hermeneutics. |
| 650 ## - SUBJECT ADDED ENTRY--TOPICAL TERM | |
| Topical term or geographic name entry element | Bible. |
| 650 ## - SUBJECT ADDED ENTRY--TOPICAL TERM | |
| Topical term or geographic name entry element | Hermeneutics. |
| 700 ## - ADDED ENTRY--PERSONAL NAME | |
| Personal name | Blomberg, Craig L. |
| 700 ## - ADDED ENTRY--PERSONAL NAME | |
| Personal name | Hubbard, Robert L. Jr |
| Withdrawn status | Lost status | Damaged status | Not for loan | Home library | Current library | Shelving location | Date acquired | Total Checkouts | Full call number | Barcode | Date last seen | Price effective from | Koha item type |
|---|---|---|---|---|---|---|---|---|---|---|---|---|---|
| GETS Theological Seminary Library | GETS Theological Seminary Library | General Stacks | 08/15/2020 | BS476 .K545 2004 | 00002897 | 08/15/2020 | 08/15/2020 | English Books |